Simnet (Record no. 22331)

000 -LEADER
fixed length control field 00329cmm a22001335a 4500
020 ## - INTERNATIONAL STANDARD BOOK NUMBER
ISBN 0072872152
040 ## - CATALOGING SOURCE
Transcribing agency DLC
082 ## - DEWEY DECIMAL CLASSIFICATION NUMBER
Classification number 001 SIM 2003 C096 Or.
245 00 - TITLE STATEMENT
Title Simnet
260 ## - PUBLICATION, DISTRIBUTION, ETC. (IMPRINT)
Place of publication [S.l.] :
Name of publisher Osborne/McGraw Hill,
Year of publication c2003.
300 ## - PHYSICAL DESCRIPTION
Number of Pages 1 CD-ROM ;
Dimensions 4 3/4 in. +
Accompanying material 1 guide.
500 ## - GENERAL NOTE
General note Title from disc label.
942 ## - ADDED ENTRY ELEMENTS (KOHA)
Koha item type ADB
952 ## - LOCATION AND ITEM INFORMATION (KOHA)
Withdrawn status [LOCAL, KOHA] 0
Holdings
Permanent Location Date acquired Koha item type Lost status Shelving location Barcode Current Location Full call number
Library Block C2023-12-05ADB C096a074876Library Block C001 SIM 2003 C096 Or.
មជ្ឈមណ្ឌលឯការនៃសាកលវិទ្យាល័យភូមិន្ទកសិកម្មចំការដូង

Powered by Koha